000
00288nam a22001337a 4500
008
180309b xxu||||| |||| 00| 0 eng d
020
_a
9781875559077
041
_a
eng
080
_a
316
100
_a
50
101
_a
SOC
245
_a
Nothing Mat(T)ers
_c
Brodribb, S
942
_2
udc
_c
BK
999
_c
44526
_d
44526